Регионална библиотека "Любен Каравелов" - Русе

Тринадесетмесечното властвувание на лъжелибералците в Българското княжество (Запис номер 355534)

MARC детайли
000 -Лидер
Контролно поле с фиксирана дължина nam a22 a 4500
003 - Код на организацията, давaща контролен номер
Контролно поле BLK
005 - Дата и час на последна редакция
Контролно поле 20220222170223.0
008 - Елементи от данни с фиксирана дължина
fixed length control field 200416b bu ||||| |||| 00| 0 bu d
040 ## - Източник на каталожния запис
Идентификатор на билиотеката - собственик на записа BLK
041 ## - Код за език
Код за езика на текст/звукозапис или на отделно заглавие Български
Код за езика КДБФ Български
080 ## - УДК
Текстов определител УДК Политически партии и движения
УДК код - определител по УДК 329
УДК определител (497.2)
УДК - код + определител 329(497.2)
139 ## - Редно поле
Редна дума Тринадесетмесечното властвувание на лъжелибералците в Българското княжество
Авторски знак Три - Т 83
245 ## - Сведения за заглавието
Заглавие Тринадесетмесечното властвувание на лъжелибералците в Българското княжество
257 ## - Страна на издаване
Страна на създаване/издаване България
260 ## - Област на издателските данни
Място на издаване, разпространение и проч. Русчук
Година на издаване 1881
Печатница бързопеч. на в. Българин
300 ## - Физическа характеристика
Страници 56 с.
Размери/Мащаб 17 см
380 ## - Жанр
Жанр Обществени науки
490 ## - СЕРИИ (Колекции)
9 (RLIN) 435080
Име на серия Колекция Редки и ценни издания
653 #7 - Ключова дума – ненормативна
9 (RLIN) 193394
Ключова дума партии
653 #7 - Ключова дума – ненормативна
9 (RLIN) 189870
Ключова дума либерали
852 ## - Местоположение
Форматна сигнатура Рб 881
Фондова буква Редки и ценни
852 ## - Местоположение
Форматна сигнатура К 32/Т 83
999 ## - СИСТЕМНИ КОНТРОЛНИ НОМЕРА
Koha biblionumber 355534
Koha biblioitemnumber 355534
942 ## - АРТИКУЛИ
Вид на библиотечния материал Книги
Скрит в OPAC Не
Периодичен библиозапис Да
944 ## - СЪЗДАВАНЕ И РЕДАКЦИЯ на ЗАПИСА
Дата на регистрацията/редакция 2020-04-16
Служител, извършил регистрацията/редакцията Валя Йорданова
999 ## - СИСТЕМНИ КОНТРОЛНИ НОМЕРА
Koha biblioitemnumber 355534
999 ## - СИСТЕМНИ КОНТРОЛНИ НОМЕРА
Koha biblioitemnumber 355534
Наличности
Код за отписване Код за изгубен артикул Източник на класификационната схема Код за повреда Коз за рестрикции Код за отдаване Артикулен № Име на библиотеката - собственик Име на библиотеката, в която се намира в момента Статус (Текущо местоположение) Дата на вписване в системата Местоположение - отдел Цена в лева Инвентарен номер Систематично азбучна сигнатура Баркод Цена в евро Служебен тип на артикула
  Не е изгубен Universal Decimal Classification Не е повреден само за читалня ползва се в читалня 762553 Регионална библиотека "Любен Каравелов" Русе Регионална библиотека "Любен Каравелов" Русе Краезнание 2020-04-17 Краезнание 1.00 378785 К 32/Т 83 120000378785 0.51 Книги
  Не е изгубен Universal Decimal Classification Не е повреден само за читалня Специални фондове ( старопечатни, редки и ценни, фонд М. Арнаудов) 803405 Регионална библиотека "Любен Каравелов" Русе Регионална библиотека "Любен Каравелов" Русе Редки и ценни 2020-10-13 Редки и ценни 0.25 180591 Рб 881 120000180591 0.13 Книги
Vip Innovations Ltd, Rousse, Bulgaria 2025